| 000 | 00751nam a2200253 i 4500 | ||
|---|---|---|---|
| 005 | 20200104041608.0 | ||
| 008 | 160112s2007 xxu||||| |||| 00| 0 eng d | ||
| 040 |
_aCO-BoIAVH _cCO-BoIAVH |
||
| 041 | _aeng | ||
| 044 | _axxu | ||
| 082 | 0 | 4 |
_a333.78316 _bP25p |
| 245 | 0 | 0 | _aParks in Peril 1990-2007 |
| 260 |
_aArlington : _bNature Conservancy, _c2007 |
||
| 300 |
_a32 P25 _c28 cm. |
||
| 650 | 1 | 4 |
_aParques naturales _xConservación |
| 650 | 2 | 4 | _aÁreas de conservación de recursos naturales |
| 650 | 2 | 4 | _aÁreas protegidas |
| 650 | 2 | 4 | _aConservación biológica |
| 650 | 2 | 4 | _aConservación de la naturaleza |
| 662 | _cAmérica Latina | ||
| 662 | _cRegión Caribe | ||
| 942 |
_cLIBRO _2ddc |
||
| 945 | _d2008-06-12 | ||
| 999 |
_c6307 _d6307 |
||